Szczegóły MARC21

Ich und Du : Dokumentation der Fachtagung "Ich und Du",veranstaltet vom Rehabilit ionszentrum Bathildesheim e.V. in Kooperation mit der Europäischen Aka demie für Heilpädagogik im BHP e.V. am Samstang, den 13.September 2003 /

005 -DATA I CZAS OSTATNIEJ MODYFIKACJI [,]
    • @
    • pole kontrolne
    • 20070315155141.9
020 -Międzynarod. znormalizowany nr książki - ISBN [ , ]
    • a
    • Numer ISBN
    • 3936649065 Find
040 -Instytucja sporządzająca opis [ , ]
    • a
    • Instytucja, która sporządziła opis (NP)
    • SZCZ U
    • c
    • Instytucja, która sporządziła rekord (NP)
    • SZCZ U
041 -Język dokumentu [0, ]
    • a
    • Język tekstu (P)
    • niemiecki
    • h
    • Język tekstu oryginalnego i/lub pośredniego (P)
    • niemiecki
942 -Rodzaj dokumentu [ , ]
    • c
    • Rodzaj dokumentu
    • Książka
100 -Hasło główne - nazwa osobowa [ , ]
    • a
    • Nazwa osobowa (NP)
    • FLOSDORF, PETER
245 -Strefa tytułu i oznaczenia odpowiedzialności [1, ]
    • a
    • Tytuł
    • Ich und Du : Find
    • b
    • Ciąg dalszy tytułu (NP)
    • Dokumentation der Fachtagung "Ich und Du",veranstaltet vom Rehabilit ionszentrum Bathildesheim e.V. in Kooperation mit der Europäischen Aka demie für Heilpädagogik im BHP e.V. am Samstang, den 13.September 2003 / Find
    • c
    • Pozostałe elementy strefy tytułu i oznaczenia odpowiedzialności (NP)
    • Peter Flosdorf, Wolfgang Praschak, Otto Speck.
260 -Strefa adresu wydawniczego [ , ]
    • a
    • Miejsce wydania (P)
    • Kiel :
    • b
    • Nazwa wydawcy (P)
    • BHP-Verlag,
    • c
    • Data wydania (P)
    • 2004.
300 -Strefa opisu fizycznego [ , ]
    • a
    • Określenie formy książki i/lub objętość (NP)
    • 74 s. :
    • b
    • Oznaczenie ilustracji (NP)
    • il. :
    • c
    • Format (NP)
    • 21 cm.
500 -Uwaga ogólna [ , ]
    • a
    • Uwaga ogólna (NP)
    • Bibliogr
080 -Uniwersalna Klasyfikacja Dziesiętna [ , ]
    • a
    • Symbol klasyfikacji
    • 37.013.82(430)=30
080 -Uniwersalna Klasyfikacja Dziesiętna [ , ]
    • a
    • Symbol klasyfikacji
    • :376(430)=30
980 -Symbol UKD [ , ]
    • a
    • UKD
    • 37.013.82:376](430)=30
700 -Hasło dodatkowe - nazwa osobowa [ , ]
    • a
    • Nazwa osobowa (NP)
    • Praschak Wolfgang Find
700 -Hasło dodatkowe - nazwa osobowa [ , ]
    • a
    • Nazwa osobowa (NP)
    • Speck Otto Find
920 -ISBN [ , ]
    • a
    • ISBN
    • 3-936649-06-5 Find
Status udost. Numer inwentarzowy Data inwentaryzacji Lokalizacja
1Pd.161752004-06-25BG
1Pd.161762004-06-25BNS